[Event "CFriend AC-2003-S-00009 email"]
[Site "Chessfriend.com"]
[Date "2004.12.01"]
[Round "1"]
[White "Frignani, Giorgio"]
[Black "Krueger, Hilmar"]
[Result "0-1"]
[WhiteElo "1889"]
[BlackElo "2252"]
[PlyCount "54"]
[EventDate "2004.??.??"]
[EventType "tourn (corr)"]
[EventRounds "6"]
[SourceTitle "Corr 2024"]
[Source "ChessBase"]
[SourceDate "2023.10.19"]
[SourceVersion "1"]
[SourceVersionDate "2023.10.19"]
[SourceQuality "1"]

1. c4 Nf6 2. g3 g6 3. Bg2 Bg7 4. Nc3 0-0 5. d4 d6 6. Nf3 c5 7. 0-0 Nc6 8. d5 Na5 9. Nd2 e5 10. e4 a6 11. a3 b6 12. b4 Nb7 13. Rb1 cxb4 14. axb4 Bd7 15. Qb3 Qc7 16. Bb2 b5 17. cxb5 axb5 18. Nd1 Bh6 19. f4 Qb6+ 20. Kh1 Nh5 21. Bf3 Ng7 22. Be2 Bh3 23. Rf2 Bd7 24. Rc1 Nd8 25. Rc2 f6 26. Qe3 Qxe3 27. Nxe3 exf4 0-1

[Event "CFriend AC-2003-S-00009 email"]
[Site "Chessfriend.com"]
[Date "2004.12.01"]
[Round "1"]
[White "Rada, Hannes"]
[Black "Frignani, Giorgio"]
[Result "1-0"]
[WhiteElo "2403"]
[BlackElo "1889"]
[PlyCount "29"]
[EventDate "2004.??.??"]
[EventType "tourn (corr)"]
[EventRounds "6"]
[SourceTitle "Corr 2024"]
[Source "ChessBase"]
[SourceDate "2023.10.19"]
[SourceVersion "1"]
[SourceVersionDate "2023.10.19"]
[SourceQuality "1"]

1. Nf3 g6 2. c4 Bg7 3. d4 d6 4. Nc3 Bg4 5. e3 Nf6 6. Be2 0-0 7. h3 Bf5 8. g4 Bc8 9. e4 b6 10. g5 Ne8 11. h4 Bg4 12. Ng1 Bxe2 13. Ngxe2 c5 14. d5 Bxc3+ 15. bxc3 1-0

[Event "CFriend AC-2004-Q-00002 email"]
[Site "Chessfriend.com"]
[Date "2004.07.14"]
[Round "1"]
[White "Tietjen, Ronald"]
[Black "Frignani, Giorgio"]
[Result "1/2-1/2"]
[WhiteElo "2240"]
[BlackElo "1889"]
[PlyCount "45"]
[EventDate "2004.??.??"]
[EventType "tourn (corr)"]
[EventRounds "10"]
[SourceTitle "Corr 2024"]
[Source "ChessBase"]
[SourceDate "2023.10.19"]
[SourceVersion "1"]
[SourceVersionDate "2023.10.19"]
[SourceQuality "1"]

1. Nf3 d5 2. c4 e6 3. d4 Nf6 4. g3 Bb4+ 5. Bd2 Be7 6. Bg2 0-0 7. 0-0 c6 8. Bf4 b6 9. Ne5 Bb7 10. Nc3 Nfd7 11. e4 Nxe5 12. Bxe5 dxc4 13. Qg4 g6 14. Rfd1 a5 15. Bf4 Nd7 16. e5 a4 17. a3 Qb8 18. Bh6 Re8 19. Bg5 Bf8 20. Ne4 b5 21. Be3 Be7 22. Bg5 Bf8 23. Be3 1/2-1/2

[Event "CFriend AP-2004-Q-00006 email"]
[Site "Chessfriend.com"]
[Date "2004.02.19"]
[Round "?"]
[White "Makowski, Tomasz"]
[Black "Frignani, Giorgio"]
[Result "0-1"]
[WhiteElo "1852"]
[BlackElo "1988"]
[PlyCount "80"]
[EventDate "2004.??.??"]
[EventType "tourn (corr)"]
[EventRounds "12"]
[SourceTitle "Corr 2008"]
[Source "ChessBase"]
[SourceDate "2008.06.24"]
[SourceVersion "1"]
[SourceVersionDate "2008.06.24"]
[SourceQuality "1"]

1. e4 c5 2. Nf3 Nc6 3. d4 cxd4 4. Nxd4 Nf6 5. Nc3 e6 6. Nxc6 bxc6 7. e5 Nd5 8. Ne4 Qc7 9. f4 Qb6 10. c4 Ne3 11. Qd3 Bb4+ 12. Bd2 0-0 13. b3 a5 14. Bxb4 Qxb4+ 15. Kf2 Ng4+ 16. Kf3 f5 17. Nd6 a4 18. Rb1 axb3 19. Rxb3 Qe1 20. Qe2 Qa1 21. Qb2 Nxh2+ 22. Rxh2 Qxf1+ 23. Kg3 Ba6 24. Qd4 Qe2 25. Rh3 c5 26. Qxc5 Qg4+ 27. Kh2 Qxf4+ 28. Kg1 h6 29. Rhg3 Qc1+ 30. Kh2 Qa1 31. a3 f4 32. Rgd3 Rab8 33. Rxb8 Rxb8 34. Qd4 Rb1 35. Qxa1 Rxa1 36. Rd4 g5 37. Ne4 Re1 38. a4 Kg7 39. Nc5 Bc8 40. Re4 Ra1 0-1

[Event "CFriend AP-2004-Q-00006 email"]
[Site "Chessfriend.com"]
[Date "2004.02.19"]
[Round "?"]
[White "Mary, Patrick"]
[Black "Frignani, Giorgio"]
[Result "1/2-1/2"]
[WhiteElo "1996"]
[BlackElo "1998"]
[PlyCount "67"]
[EventDate "2004.??.??"]
[EventType "tourn (corr)"]
[EventRounds "12"]
[SourceTitle "Corr 2008"]
[Source "ChessBase"]
[SourceDate "2008.06.24"]
[SourceVersion "1"]
[SourceVersionDate "2008.06.24"]
[SourceQuality "1"]

1. d4 Nf6 2. c4 e6 3. Nc3 Bb4 4. e3 0-0 5. Bd2 b6 6. a3 Bxc3 7. Bxc3 Bb7 8. Nf3 Ne4 9. Bd3 d6 10. Bxe4 Bxe4 11. 0-0 Nd7 12. Qe2 Re8 13. b4 c6 14. Nd2 Bg6 15. f4 d5 16. e4 Nf6 17. e5 Ne4 18. Nxe4 Bxe4 19. c5 bxc5 20. dxc5 Rb8 21. Rad1 Re7 22. Rd2 Qc8 23. Rfd1 a6 24. Qe1 Qb7 25. Qe3 Qb5 26. Qg3 a5 27. Qe3 axb4 28. Bxb4 Qa4 29. Qg3 Rf8 30. Re1 Rb7 31. Qh3 Rfb8 32. Rb2 Bf5 33. Qg3 h6 34. Qe3 1/2-1/2

[Event "IECG WC.2003.F.00007 email"]
[Site "IECG email"]
[Date "2003.12.20"]
[Round "?"]
[White "Frignani, Giorgio"]
[Black "McDonald, Graham R"]
[Result "1-0"]
[WhiteElo "1803"]
[BlackElo "1641"]
[PlyCount "63"]
[EventDate "2003.12.20"]
[EventType "tourn (corr)"]
[EventRounds "14"]
[SourceTitle "Corr 2008"]
[Source "ChessBase"]
[SourceDate "2008.06.24"]
[SourceVersion "1"]
[SourceVersionDate "2008.06.24"]
[SourceQuality "1"]

1. c4 e5 2. Nc3 Bb4 3. Nd5 Nc6 4. a3 Be7 5. e3 Bf6 6. Ne2 Nce7 7. Nec3 Nxd5 8. cxd5 d6 9. Bc4 Ne7 10. 0-0 0-0 11. b4 g6 12. Bb2 Bg7 13. Ne2 f5 14. Rc1 f4 15. f3 fxe3 16. dxe3 Nf5 17. Qb3 Qg5 18. f4 exf4 19. exf4 Qh6 20. Rf3 Bd7 21. Rh3 Nh4 22. Bxg7 Kxg7 23. Qb2+ Kg8 24. Rhc3 Bg4 25. Bb5 a6 26. h3 Bxe2 27. Bd7 Qxf4 28. Qxe2 Qd4+ 29. Qe3 Nf5 30. Bxf5 Qxe3+ 31. Rxe3 Rxf5 32. Rxc7 1-0

[Event "CFriend AO-2003-0-00001 email"]
[Site "Chessfriend.com"]
[Date "2003.06.29"]
[Round "1"]
[White "Frignani, Giorgio"]
[Black "Paetzold, Ortwin"]
[Result "1-0"]
[WhiteElo "1803"]
[BlackElo "1760"]
[PlyCount "43"]
[EventDate "2003.??.??"]
[EventType "tourn (corr)"]
[EventRounds "12"]
[SourceTitle "Corr 2008"]
[Source "ChessBase"]
[SourceDate "2008.06.24"]
[SourceVersion "1"]
[SourceVersionDate "2008.06.24"]
[SourceQuality "1"]

1. e4 c5 2. Nf3 Nc6 3. d4 cxd4 4. Nxd4 Nf6 5. Nc3 e6 6. Ndb5 d6 7. Bf4 e5 8. Bg5 a6 9. Na3 b5 10. Bxf6 Qxf6 11. Nd5 Qd8 12. c4 b4 13. Qa4 Bb7 14. Nc2 a5 15. Nce3 g6 16. c5 dxc5 17. Bb5 Rc8 18. Nc4 Bh6 19. Nxa5 Qg5 20. 0-0 0-0 21. Bxc6 Bxc6 22. Nxc6 1-0